MDQL
is popping MORE tags! Check the
thread
!
Quizzes
Events
Quiz Creation
Community
Videos
Private Events
Remove Ads
Sign In
Join for FREE
Feedback
Dark Mode
Quiz Categories
Sports
Geography
Music
Movies
Television
Just For Fun
Miscellaneous
History
Literature
Language
Science
Gaming
Entertainment
Religion
Holiday
For Kids
Quiz Lab
Recent
Popular Today
Quiz Kudos Today
Editor Picks
Curator Picks
Quizzes by...
Day
Popularity
Type
Ratings
Length
Year
Community
Subscriptions
Recent Discussions
Orange Saloon
Badges
Playlists
Quests
Create
Leaderboards
Showdown
Live 5
Trivia Bingo
Activity
Puzzle Library
Sporcle Events
Private Events
Virtual Trivia
Globe League
Become a Host
Pub Owners
SporcleCon
Opinionation
Our Games
Videos
Blog
Mobile Apps
Partnerships
Remove Ads and Go Orange
Feedback
Geography
Country
Landmarks
City
State
Population
World
Capital
Continent
Flags
Europe
Africa
Asia
South America
North America
Oceania
Border
Canada
United Kingdom
Topography
United States
Geography
Country
Landmarks
City
State
Population
World
Capital
Continent
Flags
Europe
Africa
Asia
South America
North America
Oceania
Border
Canada
United Kingdom
Topography
United States
Random Quiz
Search Sporcle
×
Quiz Lab
Quiz Lab
Geography
Ending
Type in answers that appear in a list
Type in answers that appear in a list
Classic
Best Score? Go Orange.
English counties ending in shire Stats
Can you name the Countys ending in shire?
By
DanielArberry
10m
25 Questions
223 Plays
223 Plays
223 Plays
Comments
Comments
Give Quiz Kudos
Give Quiz Kudos
-
- Ratings
hide this ad
More Info
Replay
Link that replays current quiz
Next Quiz
Link to next quiz in quiz playlist
You Got
0%
They Got
Avg Score
72%
Avg Friend Score
Upgrade to see
Score Distribution
Jump to the score distribution portion of the page
Score
0/25
Timer
10:00
0
Plays Today
counties
% Correct
South Yorkshire
91%
North Yorkshire
90.6%
West Yorkshire
90.6%
East Riding of Yorkshire
87.4%
Lancashire
82.1%
Nottinghamshire
78%
Oxfordshire
75.8%
Hampshire
74.9%
Cambridgeshire
74.4%
Derbyshire
74%
Lincolnshire
73.1%
Leicestershire
71.7%
Cheshire
70.9%
counties
% Correct
Gloucestershire
69.1%
Buckinghamshire
67.7%
Worcestershire
67.3%
Shropshire
66.8%
Hertfordshire
66.8%
Berkshire
65.9%
Bedfordshire
65%
Warwickshire
62.3%
Herefordshire
61.4%
Wiltshire
61%
Staffordshire
60.5%
Northamptonshire
60.1%
Quiz Playlist
Details
Report
Send in Message
Add To Playlist
More Info:
Do you know your English counties? There are 25 ending in "shire". Can you find them all, NO CHEATING!!!
Classic:
Type in answers that appear in a list
Last Updated: Feb 16, 2017
Quiz Scoreboard
CHALLENGE
Sign Up to Join the Scoreboard
Show All
Scores
Hide
Comments
May contain spoilers
Recently Published
Image Sorting: Flags VI
by Barbecue
Geography
2m
Find the 'City' Movie
by crazypaving
Movies
60s
Colored Red Africa Blitz
by spor1
Geography
45s
More to Explore
Quiz From the Vault
Featured Blog Post
14 Easter Pick-up Lines to Find Eggs With
hide this ad
You Might Also Like...
Tags
counties
Ending
English
shire
Today's Top Quizzes in Geography
Browse Geography
hide this ad
Today's Top Quizzes in Ending
Browse Ending
Top Contributed Quizzes in Geography
1
Colored Red Europe Blitz I
2
Countries of the World - No Outlines Minefield
3
Colored Red Africa Blitz II
4
Colored Red Europe Blitz II
5
Colored Red Europe Blitz III
6
Colored Red Africa Blitz III
7
Colored Red States Blitz I
8
A Different View: World Oceans
9
Colored Red States Blitz II
10
Lietuvos savivaldybės (Lithuanian Municipalities)
Explore More
Trending Topics
NBA
Disney
Kpop
Harry Potter
Marvel
Crossword
Anime
The Office
Puzzle
Song
WWE
Country
Pokémon
Soccer
NFL
hide this ad
More By:
DanielArberry
Quiz
Plays
Rating
Category
Featured
Created
Harry Potter Bunker (Hard)
16,273
3.58
Literature
Sep 5, 2012
Harry Potter Bunker 2
12,386
3.47
Literature
Nov 2, 2012
Harry Potter Bunker 3
3,568
3.50
Literature
Jun 20, 2013
Harry Potter Name Chain 100 Characters
350
3.00
Just For Fun
Sep 14, 2014
Harry Potter Name Chain 2
270
3.75
Literature
Dec 18, 2011
Go to Creator's Profile
Score Distribution
Quiz Creator Spotlight
DanielArberry
Follow
Send a Message
Quizzes Created
-
Created Quiz Play Count
-
More By This Creator
Popular Quizzes Today
1
Colored Red Africa Blitz
2
Find the US States - No Outlines Minefield
3
Find the 'City' Movie
4
5x2 Blitz: Bands
5
The Countries of the World
6
Find the US States
7
Find the Countries of Europe - No Outlines Minefield
8
US States
More Geography Quizzes
State Quiz: Texas
Published
Trending Quizzes
Colored Red Europe Blitz I
Colored Red Europe Blitz II
Colored Red Africa Blitz II
Colored Red Europe Blitz III
Colored Red Africa Blitz III
Recently Updated
How Do You Spell That?
pecheneg
Godzilla Movies
pecheneg
Grab Bag: 4-10 Letters
pecheneg
2024 March Madness Bracket
pecheneg
Famous TV Couples
Peacemaker
Champions League XIs: Real Madrid
pecheneg
Largest US Cities 1790-2010
pecheneg
Rides in Walt Disney World
pecheneg
Most Oscar Losses (Acting)
pecheneg
Beyoncé Albums
pecheneg
Trending Topics
Harry Potter
NBA
Disney
Anime
Crossword
Marvel
Kpop
Soccer
Pokémon
NFL
The Office
Country
Song
WWE
Puzzle
Your Account Isn't Verified!
In order to create a playlist on Sporcle, you need to verify the email address you used during registration. Go to your
Sporcle Settings
to finish the process.
Report this User
Report this user for behavior that violates our
Community Guidelines
.
Details:
Send Report
Go to the Sporcle.com Mobile Site →
Comments